00377nam a22001457a 450000500170000001000130001702000230003003500130005303700280006608200110009410000200010524500400012526000450016530000210021020190525144036.0 aB-129824 a0195667085c595.00 aB-129824 bOxford University Press a954.07 aSingh, Pashaura aSikhism and historycPashaura Singh aNew DelhibOxford University Pressc2004 a280pc22cm (hbk)